Joueurs de tennis français en demi finale de Grand Chelem - Statistiques

Statistiques générales
  • Ce quiz a été pris 276 fois
    210 depuis la dernière actualisation
  • Le résultat moyen est 8 sur 14
Statistiques - réponses
Hint Réponse % Correct
6 fois Jo Wilfried TSONGA
97%
2 fois Gaël MONFILS
96%
2 fois Yannick NOAH
96%
3 fois Richard GASQUET
94%
4 fois Henri LECONTE
70%
4 fois Cédric PIOLINE
67%
4 fois Sébastien GROSJEAN
63%
1 fois Lucas POUILLE
62%
1 fois Arnaud CLEMENT
61%
1 fois Nicolas ESCUDE
25%
1 fois Christophe ROGER VASSELIN
19%
2 fois Patrick PROISY
15%
1 fois François JAUFFRET
5%
1 fois Georges GOVEN
4%
Aucun quiz correspondant
Distribution des résultats
% des personnes avec chaque résultat
Percentile par nombre de réponses
Votre historique - résultats
Vous n’avez pas pris ce quiz depuis la dernière actualisation